| 000 | 00579nam a2200229Ia 4500 | ||
|---|---|---|---|
| 003 | OSt | ||
| 005 | 20240903153803.0 | ||
| 008 | 210210b1944 xxu||||| |||| 00| 0 eng d | ||
| 040 | _cAL | ||
| 041 | _aMalayalam | ||
| 082 | _a876/15 | ||
| 100 |
_a- _9178629 |
||
| 245 |
_aBhshasahithya charitham part I _bഭാഷാസാഹിത്യ ചരിതം |
||
| 260 |
_b- _c1944 |
||
| 650 |
_apart _9178630 |
||
| 650 |
_aI _9178631 |
||
| 650 |
_acharitham _9178632 |
||
| 650 |
_aBhshasahithya _9178633 |
||
| 690 |
_aMalayalam _9178634 |
||
| 906 | _a002697 | ||
| 942 |
_2ddc _cBK |
||
| 999 |
_c124669 _d124669 |
||